Portréty nejúspěšnějších finančníků světa
Portrét významných osobností finančného sveta, ktoré buď zbohatli výrazne samy, alebo sa pričinili o vysoké zvýšenie hodnoty svojho podniku, alebo pôsobili či pôsobia vo sfére centrálneho bankovníctva.
Guardado en:
| Formato: | Capítulo de libro |
|---|---|
| Lenguaje: | checo |
| Materias: | |
| Etiquetas: |
Sin Etiquetas, Sea el primero en etiquetar este registro!
|
MARC
| LEADER | 00000naa$a2200000$$$4500 | ||
|---|---|---|---|
| 001 | 0027381 | ||
| 005 | 20231010083934.5 | ||
| 041 | 0 | |a cze | |
| 044 | |a CZ | ||
| 245 | 1 | 0 | |a Portréty nejúspěšnějších finančníků světa |
| 520 | |a Portrét významných osobností finančného sveta, ktoré buď zbohatli výrazne samy, alebo sa pričinili o vysoké zvýšenie hodnoty svojho podniku, alebo pôsobili či pôsobia vo sfére centrálneho bankovníctva. | ||
| 610 | 2 | 0 | |a osobnosť |
| 610 | 2 | 0 | |a bankovníctvo |
| 610 | 2 | 0 | |a financie |
| 610 | 2 | 0 | |a USA |
| 610 | 2 | 0 | |a Rotschild, M.A. |
| 610 | 2 | 0 | |a Morgan, J.P. |
| 610 | 2 | 0 | |a Rockefeller, J.D. |
| 610 | 2 | 0 | |a Soros, G. |
| 610 | 2 | 0 | |a Greenspan, A. |
| 610 | 2 | 0 | |a Masayoshi Son |
| 610 | 2 | 0 | |a Krawczek, S. |
| 610 | 2 | 0 | |a Welch, J. |